|
|
|
|
| LEADER |
00800nab a2200217 i 4500 |
| 001 |
misc62489 |
| 005 |
20220923104858.0 |
| 008 |
220322s1920 hu o 0|| hun d |
| 040 |
|
|
|a SZTE Miscellanea Repozitórium
|b hun
|
| 041 |
|
|
|a hun
|
| 100 |
1 |
|
|a Germanus Gyula
|
| 245 |
1 |
2 |
|a A föld és faj hatása a történelemben
|h [elektronikus dokumentum] /
|c Germanus Gyula
|
| 260 |
|
|
|a Franklin
|b Budapest
|c 1920
|
| 300 |
|
|
|a 157 p.
|c 24 cm
|
| 561 |
|
|
|a Németh Gyula hagyaték
|
| 591 |
|
|
|a N 4570; T 63446 T4337
|
| 650 |
|
4 |
|a Bölcsészettudományok
|
| 650 |
|
4 |
|a Történettudomány és régészet
|
| 650 |
|
4 |
|a Filozófia, etika és vallástudományok
|
| 695 |
|
|
|a Történetfilozófia, Etnikum és világtörténelem
|
| 856 |
4 |
0 |
|u http://misc.bibl.u-szeged.hu/62489/1/1910_nov_g42.pdf
|z Dokumentum-elérés
|